วิทยาลัยพยาบาลบรมราชชนนี ยะลา
ระบบห้องสมุดอัตโนมัติ ULIBM BCNYALA - V.6
เปลี่ยนเป็นภาษาไทย

Change to English
 แสดงรายละเอียดบรรณานุกรม
  กลับหน้าหลัก

Brief Record : Get Marc (ISO 2709) : E-mail record : QR code ปิดหน้าต่าง
confidence : 8 ขั้นตอนสร้างความมั่นใจที่แท้จริง Review โดย
ใช้งานได้ทุกระบบ
ห้องสมุดวพบ.ยะลา
ใช้งานได้ทุกระบบ เมื่อ23/เมษายน/2569
สารบัญ

ขั้นตอนที่ 1 : จัดการความคิด
ขั้นตอนที่ 2 : ลงมือทำอย่างมีจุดมุ่งหมาย
ขั้นตอนที่ 3 : เลิกพยายามทำให้ทุกคนชอบ
ขั้นตอนที่ 4 : ปลดปล่อยตัวเองจากการเปรียบเทียบ
ขั้นตอนที่ 5 : เฉลิมฉลองให้ตัวเอง
ขั้นตอนที่ 6 : ทำเรื่องยากๆ
ขั้นตอนที่ 7 : ช่วยเหลือผู้อื่น
ขั้นตอนที่ 8 : เป็นตัวเองในแบบที่ดีที่สุด

E-books : เกี่ยวกับ Collections
LEADER 00000nam 2200000uu 4500
001    3852
003     ULIBM
008    260423s2568||||th 000 0 tha d
020    ^a9786161885434
050  4 ^aBF575.S39^bN146c
100 1  ^aNafousi,Roxie
245 10 ^aconfidence : 8 ขั้นตอนสร้างความมั่นใจที่แท้จริง/^cRoxie Nafousi ,เขียน วิโรจน์ ภัทรทีปกร,แปล
250    ^aพิมพ์ครั้งที่ 1
260    ^aกรุงเทพฯ :^bอมรินทร์ฮาวทู,^c2568.
300    ^a288หน้า :^bภาพประกอบ;^c21 ซม.
650  7 ^aจิตวิทยาประยุกต์
650  7 ^aจิตวิทยาพัฒนาตนเอง
650  7 ^aการเปลี่ยนแปลงบุคลิกภาพ
700 0  ^aวิโรจน์ ภัทรทีปกร,แปล
999    ^aฮัซวานี
รายการนี้ยังไม่มีแท็ก
คุณยังไม่ได้ล็อกอิน คุณสามารถมีกิจกรรมร่วมกับเว็บไซต์ได้ แต่ต้องล็อกอินก่อน ::
  ล็อกอิน
ลำดับที่ ประเภท เลขเรียก สถานที่ สถานะ
1. หนังสือทั่วไป
หนังสือทั่วไป
BF575.S39 N146c 2568 ฉ.1 
  
ห้องสมุดวพบ.ยะลา
►หนังสือทั่วไปภาษาไทย
On Shelf
   [แสดง 1/1 รายการ]

รายการใกล้เคียง
    หัวเรื่อง [จิตวิทยาประยุกต์]

BibComment


ยังไม่เคยถูกคอมเมนท์

คอมเมนท์ทรัพยากรรายการนี้
  คอมเมนท์: confidence 8 ขั..
Bib 3852

 
 
 

 Union Library Management : ULibM

ดูหนังออนไลน์

Copyright 2026. All Rights Reserved.